|
|
|
|
| LEADER |
00000nab a2200000uu 4500 |
| 001 |
vtls012155924 |
| 003 |
SK-MaSNL |
| 005 |
20260304013034.0 |
| 008 |
221207|2005 xo |||||||||||||||||slo| |
| 035 |
|
|
|a (urnnbn)urn:nbn:sk:snk:ar-005ht7
|
| 035 |
|
|
|a (uuid)5169041d-e248-4128-b331-7806d1b92167
|
| 035 |
|
|
|a (sysno)vtls001563856
|
| 040 |
|
|
|a SNKBUCL
|b slo
|c SNKBUCL
|e AACR2
|
| 041 |
0 |
|
|a slo
|
| 044 |
|
|
|a xo
|c SK
|
| 080 |
|
|
|a 616.6-007-053.31
|2 1981
|
| 100 |
1 |
|
|a Kardošová, Anna,
|d 1940-
|4 aut
|9 223334
|
| 245 |
1 |
0 |
|a Urologické problémy novorodenca
|c A. Kardošová
|
| 500 |
|
|
|a Mesrobian H.G.O., Balcom A., Durkee CH.T.: Urologic problems of the neonate. In: Pediatr Clin N Am, 51, 2004, s. 1051-1062
|
| 650 |
0 |
7 |
|a urologické abnormality
|2 MESH
|9 1293467
|
| 650 |
0 |
7 |
|a prenatálna diagnostika
|2 MESH
|9 86710
|
| 650 |
0 |
7 |
|a štúdie
|2 MESH
|9 92810
|
| 655 |
|
7 |
|a abstrakty
|2 MESH
|9 22516
|
| 773 |
0 |
|
|t Lekársky obzor
|g Roč. 54, č. 1 (2005), s. 24
|
| 954 |
|
|
|a odborná, vedecká literatúra pôvodná (slovenská)
|2 lita
|
| 958 |
0 |
|
|a OND
|
| 958 |
|
|
|a article_dop7
|
| 999 |
|
|
|c 2574291
|d 2576221
|